La violencia contra la mujer: entre lo público y lo privado /
Guardado en:
| Hovedforfatter: | |
|---|---|
| Format: | Texto |
| Tags: |
Tilføj Tag
Ingen Tags, Vær først til at tagge denne postø!
|
MARC
| LEADER | 00000 a a2200000 04500 | ||
|---|---|---|---|
| 001 | 47194 | ||
| 003 | |||
| 040 | |||
| 100 | |a Massolo, Santiago | ||
| 245 | |a La violencia contra la mujer: |b entre lo público y lo privado / |c Santiago Massolo | ||
| 773 | |g número53, (2011), páginas 77-102 | ||
| 999 | |c 30825 |d 30825 | ||
